000 02291nam a2200337 a 4500
005 20091212135348.0
008 060711r20081994mnua j 000 1 eng
010 _aB-385195-203
020 _a9780007255740
_c150.00
035 _aB-385195-203
037 _bBlueberry Books
040 _adpl
_bEnglish
082 _aS
100 _aShan, Darren
245 _aSons of destiny /
_cby Darren Shan
_b
260 _bHarperCollins Publishers
_c2007
_aNew York
270 _a10 East 53rd Street
_bNew York
_e1022
300 _a208p.
_c20cm(pbk)
490 _athe saga of Darren Shan; book 12
942 _2ddc
_cCH
_mSHA
_hS
999 _c32656
_d32656